Исследование интелекта человекоподобных обезьян : (Record no. 487454)
[ view plain ]
| 000 -LEADER | |
|---|---|
| fixed length control field | 00979nam a2200229 a 4500 |
| 001 - CONTROL NUMBER | |
| control field | 000097349 |
| 003 - CONTROL NUMBER IDENTIFIER | |
| control field | AM-YeHGA |
| 005 - DATE AND TIME OF LATEST TRANSACTION | |
| control field | 20250617162326.0 |
| 008 - FIXED-LENGTH DATA ELEMENTS--GENERAL INFORMATION | |
| fixed length control field | 030329s1930 ||||| |||||||||||||rus|d |
| 040 ## - CATALOGING SOURCE | |
| Original cataloging agency | AM-YeHGA |
| 041 1# - LANGUAGE CODE | |
| Language code of text/sound track or separate title | rus |
| Language code of original | ger |
| 090 ## - LOCALLY ASSIGNED LC-TYPE CALL NUMBER (OCLC); LOCAL CALL NUMBER (RLIN) | |
| -- | 490823 |
| 100 1# - MAIN ENTRY--PERSONAL NAME | |
| Personal name | Келер, Вольфганг |
| 245 10 - TITLE STATEMENT | |
| Title | Исследование интелекта человекоподобных обезьян : |
| Remainder of title | Пер. с нем. / |
| Statement of responsibility, etc. | Вольфганг Келер ; Пер. Л.В. Занкова и И.М. Соловьева ; Под ред. и с вступ. статьей Л.С. Выготского. |
| 246 15 - VARYING FORM OF TITLE | |
| Title proper/short title | Intelligenzprufungen an Menshenaffen |
| 260 ## - PUBLICATION, DISTRIBUTION, ETC. | |
| Place of publication, distribution, etc. | Москва : |
| Name of publisher, distributor, etc. | Изд-во Коммунистической Академии, |
| Date of publication, distribution, etc. | 1930. |
| 300 ## - PHYSICAL DESCRIPTION | |
| Extent | 206 с. |
| 650 14 - SUBJECT ADDED ENTRY--TOPICAL TERM | |
| Topical term or geographic name entry element | Зоология |
| 700 1# - ADDED ENTRY--PERSONAL NAME | |
| Personal name | Занков, Л.В. |
| Relator term | пер. |
| Relationship | trl |
| 700 1# - ADDED ENTRY--PERSONAL NAME | |
| Personal name | Соловьев, И.М |
| Relator term | пер. |
| Relationship | trl |
| 700 1# - ADDED ENTRY--PERSONAL NAME | |
| Personal name | Выготский, Л.С. |
| Relator term | ред. |
| Relationship | edt |
| Withdrawn status | Lost status | Source of classification or shelving scheme | Damaged status | Not for loan | Collection | Home library | Current library | Date acquired | Total checkouts | Full call number | Barcode | Date last seen | Price effective from | Koha item type | Public note |
|---|---|---|---|---|---|---|---|---|---|---|---|---|---|---|---|
| Universal Decimal Classification | General | Fundamental Scientific Library | Fundamental Scientific Library | 12/02/2019 | РД II/39723 | FL0551180 | 12/02/2019 | 12/02/2019 | Գրքեր / Books | 30 Days Loan |
ՀՀ Գիտությունների ազգային ակադեմիայի հիմնարար գիտական գրադարան = Fundamental Scientific Library of NAS RA
All site content, except where otherwise noted, is licensed under a